| 000 | 01083nam a2200301Ia 4500 | ||
|---|---|---|---|
| 001 | Para_8217 | ||
| 003 | CHAP | ||
| 008 | 220125s2002 xx 000 0 und d | ||
| 010 | _a207129 | ||
| 040 | _cCHAP | ||
| 090 | _aPA TESIS 1659 | ||
| 100 |
_aGuzmán Córdova, José Angel _951934 |
||
| 245 |
_aIncidencia e identificación de mosquita blanca y nematodo agallador en cuatro colectas de jitomate silvestre tipo cherry (Lycopersicon esculentum var. cerasiforme) / _c por José Angel Guzmán Córdova |
||
| 260 |
_aChapingo, Méx. : _b el autor |
||
| 300 | _a59 h. | ||
| 502 | _aTesis (Ing. Agr. Esp. en Parasitología Agrícola) -- UACh. Departamento Parasitología Agrícola | ||
| 650 |
_aNacobbus aberrans _980022 |
||
| 650 |
_aTomate _x plagas _9113748 |
||
| 650 |
_aTrialeurodes vaporariorum _9114900 |
||
| 710 |
_aUACh. Departamento Parasitología Agrícola _9164025 |
||
| 901 | _aPA TESIS 1659 | ||
| 902 | _aA | ||
| 905 | _a0000002002 a 0000000000 00 | ||
| 910 | _a2002 | ||
| 942 | _cPARA | ||
| 942 |
_cPARA _d1 |
||
| 999 |
_c207129 _d207129 |
||